Statistics for Star Wars The Clone Wars Characters by Occupation

Click here to take the quiz!

General Stats

  • This quiz has been taken 76 times
    (57 since last reset)
  • The average score is 43 of 55

Answer Stats

HintAnswer% Correct
ApprenticeAhsoka Tano
100%
Clone CaptainCaptain Rex
100%
Clone CommanderCommander Cody
100%
Sith LordCount Dooku
100%
Arc TrooperFives
100%
Jedi MasterMace Windu
100%
Grand MasterYoda
100%
Assassin/SisterAssaj Ventress
98%
Droid Army leaderGeneral Grievous
98%
Jedi MasterObi-Wan Kenobi
98%
SenatorPadme Amidala
98%
Jedi MasterAnakin Skywalker
95%
Death Watch memberBo Katan Kryze
95%
Arc TrooperEcho
95%
HuttJabba the Hutt
95%
ChancellorSheeve Palpatine
95%
AstromechR2-D2
93%
SenatorBail Organa
90%
Protocol DroidC-3po
90%
Bounty HunterCad Bane
90%
Jedi MasterPlo Koon
90%
DuchessSatine Kryze
90%
Crime LordDarth Maul
88%
Representative of NabooJar-Jar Binks
88%
Jedi MasterKiadi Mundi
88%
Witch/MotherMother Talzin
88%
Trade Federation leaderNute Gunray
88%
Crime LordSavage Oppress
88%
HuttZiro the Hutt
88%
PirateHondo Ohnaka
86%
Jedi MasterKit Fisto
86%
Sith LordDarth Sidious
81%
ApprenticeBarriss Offee
79%
Disabled Clone99
76%
Jedi MasterLuminara Unduli
74%
Jedi MasterAayla Secura
71%
Bounty HunterBoba Fett
71%
Onderon Freedom fighterSaw Gerrera
71%
Bounty HunterAurra Sing
67%
Bounty HunterBossk
67%
Death Watch leaderPre Vizsla
67%
Jedi MasterShaak Ti
67%
Ryloth freedom fighterCham Syndulla
64%
Onderon Freedom fighter/SenatorLux Bonteri
60%
Bounty HunterEmbo
55%
SenatorMon Mothma
55%
Onderon Freedom fighterSteela Gerrera
55%
Jedi MasterEeth Koth
52%
Bounty HunterDengar
48%
Jedi MasterSaesee Tiin
48%
Jedi MasterAdi Gallia
43%
Clone CommanderCommander Wolffe
43%
CloneHevy
40%
Toydarian KingKing Katuunko
26%
SenatorSenator Chucci
24%

Score Distribution

Percentile by Number Answered

Percent of People with Each Score

Your Score History

You have not taken this quiz since the last reset